| 000 | 00453nam a2200157Ia 4500 | ||
|---|---|---|---|
| 003 | GCL | ||
| 008 | 140319s9999 xx 000 0 ara d | ||
| 040 |
_aGCL / _cGCL |
||
| 082 | 0 | 4 |
_aط _b811.9 _bم ا |
| 100 | 1 | _aمكتبة العبيكان | |
| 245 | 1 | 0 |
_aانا اعتنى بنفسى / _cمكتبة العبيكان |
| 490 |
_aخطوة خطوة _v0 |
||
| 650 | 0 | 4 | _aاغانى الاطفال |
| 650 | 0 | 4 | _aاناشيد الاطفال |
| 942 |
_2ddc _cBK |
||
| 999 |
_c51305 _d51305 |
||